All Tyrannosaurs - Statistics

General Stats
  • This quiz has been taken 7 times
  • The average score is 9 of 20
Answer Stats
Name Meaning Name % Correct
Tyrant Lizard King Tyrannosaurus Rex
100%
Dwarf Tyrant Nanotyrannus
83%
Qianzhou Lizard Qianzhousaurus
83%
Alarming Lizard Tarbosaurus
83%
Zhucheng Tyrant Zhuchengtyrannus
83%
Alberta Lizard Albertasaurus
67%
Fierce Lizard Gorgosaurus
67%
Gore King Lythronax
67%
Polar Bear Lizard Nanuqsaurus
67%
Frightful Lizard Daspletosaurus
50%
Terrible Tooth Deinodon
50%
Thief King Raptorex
33%
Bihasti Destroyer Bihastieversor
17%
Shadow of Death Maip
17%
Monstrous Murderer Teratophoneus
17%
Tyrant Lizard of McCrae Tyrannosaurus Mccraeensis
17%
Different Branch Alioramus
0%
Receding Tooth Aublysodon
0%
Powerful Terror Dynamoterror
0%
Death Reaper Thanatotheristes
0%
No matching quizzes found
Score Distribution
Percent of People with Each Score
Percentile by Number Answered
Your Score History
You have not taken this quiz